[Event "Sonora op 2nd"]
[Site "Sonora"]
[Date "2024.06.14"]
[Round "2"]
[White "Ajala, Gustavo Adolpho Rod"]
[Black "Roeder, Artur Inacio Doebbe"]
[Result "1-0"]
[WhiteElo "1800"]
[BlackElo "1637"]
[PlyCount "70"]
[EventDate "2024.06.13"]
[EventType "swiss"]
[EventRounds "6"]
[EventCountry "BRA"]
[SourceTitle "CBM 220 Extra"]
[Source "ChessBase"]
[SourceDate "2024.07.31"]
[SourceVersion "1"]
[SourceVersionDate "2024.07.31"]
[SourceQuality "1"]

1. e4 c5 2. Nf3 Nc6 3. d4 cxd4 4. Nxd4 e5 5. Nb3 Nf6 6. Nc3 Bb4 7. Bd2 0-0 8. Bc4 a6 9. a4 Na5 10. Bd5 Nxb3 11. Bxb3 d6 12. f3 Bd7 13. Ne2 Bxd2+ 14. Qxd2 b5 15. 0-0 Qb6+ 16. Kh1 Rac8 17. Rfd1 Bc6 18. Nc3 b4 19. Nd5 Nxd5 20. exd5 Bd7 21. Rab1 Bf5 22. Rbc1 h6 23. Re1 Rfe8 24. Qe3 Qa5 25. g4 Bh7 26. f4 e4 27. f5 Qd8 28. Rf1 Qf6 29. c3 g5 30. Rf2 bxc3 31. bxc3 a5 32. Rcf1 Rb8 33. Rb2 Rec8 34. Rc2 Bxf5 35. gxf5 Qxf5 1-0